ARRUPE JESUIT UNIVERSITY

CORONAVIRUS -STOP THE SPREAD - CLEAN,DISINFECT,COVER

Metaphysics and natural philosophy : (Record no. 126643)

MARC details
000 -LEADER
fixed length control field 00899pam a2200253 a 4500
001 - CONTROL NUMBER
control field 1859606
003 - CONTROL NUMBER IDENTIFIER
control field ARRUPE
005 - DATE AND TIME OF LATEST TRANSACTION
control field 20170811114453.0
008 - FIXED-LENGTH DATA ELEMENTS--GENERAL INFORMATION
fixed length control field 820319s1982 enk b 001 0 eng
010 ## - LIBRARY OF CONGRESS CONTROL NUMBER
LC control number 82004089
020 ## - INTERNATIONAL STANDARD BOOK NUMBER
International Standard Book Number 038920305X (Barnes & Noble)
040 ## - CATALOGING SOURCE
Original cataloging agency DLC
Transcribing agency DLC
Modifying agency DLC
050 00 - LIBRARY OF CONGRESS CALL NUMBER
Classification number QC7
Item number .H26 1982
082 00 - DEWEY DECIMAL CLASSIFICATION NUMBER
Classification number 530.1
Edition number 19
300 ## - PHYSICAL DESCRIPTION
Dimensions 23 cm.
100 1# - MAIN ENTRY--PERSONAL NAME
Personal name Harman, P. M.
Fuller form of name (Peter Michael),
Dates associated with a name 1943-
9 (RLIN) 34742
245 10 - TITLE STATEMENT
Title Metaphysics and natural philosophy :
Remainder of title the problem of substance in classical physics /
Statement of responsibility, etc P.M. Harman.
260 ## - PUBLICATION, DISTRIBUTION, ETC. (IMPRINT)
Place of publication, distribution, etc Brighton, Sussex :
Name of publisher, distributor, etc Harvester Press ;
Place of publication, distribution, etc Totowa, N.J. :
Name of publisher, distributor, etc Barnes & Noble Books,
Date of publication, distribution, etc 1982.
300 ## - PHYSICAL DESCRIPTION
Extent xvi, 168 p. ;
500 ## - GENERAL NOTE
General note Includes index.
504 ## - BIBLIOGRAPHY, ETC. NOTE
Bibliography, etc Bibliography: p. [155]-163.
650 #0 - SUBJECT ADDED ENTRY--TOPICAL TERM
Topical term or geographic name as entry element Physics
General subdivision Philosophy.
9 (RLIN) 34743
650 #0 - SUBJECT ADDED ENTRY--TOPICAL TERM
Topical term or geographic name as entry element Metaphysics.
9 (RLIN) 34744
906 ## - LOCAL DATA ELEMENT F, LDF (RLIN)
a 7
b cbc
c orignew
d 1
e ocip
f 19
g y-gencatlg
942 ## - ADDED ENTRY ELEMENTS (KOHA)
Source of classification or shelving scheme Library of Congress Classification
Koha item type Monograph ( Printed materials)
Holdings
Withdrawn status Lost status Source of classification or shelving scheme Damaged status Not for loan Collection code Home library Current library Shelving location Date acquired Total Checkouts Full call number Barcode Date last seen Date checked out Price effective from Koha item type
    Library of Congress Classification     Main Collection ARRUPE LIBRARY ARRUPE LIBRARY Main Collection 11/08/2017 1 QC7 .H26 1982 46500024911 02/07/2019 12/08/2017 11/08/2017 Monograph ( Printed materials)

 

Arrupe Library. PO Box MP320 Mt Pleasant, Harare, Zimbabwe
263 242 745411|librarian@aju.ac.zw